000 00378nam a2200157Ia 4500
008 230917s9999||||xx |||||||||||||| ||und||
040 _e113149
_aMAIN
041 _aEnglish
082 _a005.1 S11S
100 _aSchach , Stephen R
245 0 _aSoftware engineering
250 _a7th ed.
260 _aNew Delhi
_bTata Mcgraw-Hill
_c2007
300 _a618 p.
942 _cBK
999 _c136571
_d136571